00449nam a22001577a 4500003000400000005001700004008004100021020002200062040000900084082001700093100002300110245005900133260003700192300001000229650005200239OSt20250304120108.0250304b |||||||| |||| 00| 0 eng d a978-81-265-0812-9 cSBCL a536.7bCAL-T aCallen, Herbert .B aThermodynamics and an Introduction to Thermostatistics aNew DelhibWiley India Pvt. Ltd. a493p. 2Natural sciences & mathematicsa Physicsv Heat